MARC

LEADER 00000nam0a2200000 4500
001 334603
005 20231102004654.0
035 |a (RuTPU)RU\TPU\book\360858 
035 |a RU\TPU\book\314406 
090 |a 334603 
100 |a 20170831d1979 k y0rusy5003 ca 
101 0 |a rus 
102 |a RU 
105 |a a z 001zy 
200 1 |a Горные машины: расчет и экспериментальные исследования  |e сборник трудов  |f Научно-исследовательский и проектно-конструкторский институт горного и обогатительного машиностроения (НИПИГОРМАШ) ; под ред. А. Д. Ковалева, А. Г. Печеркина 
210 |a Свердловск  |c [Б. и.]  |d 1979 
215 |a 145 с.  |c ил. 
225 1 |a Сборник трудов 
225 1 |a Сборник трудов НИПИГОРМАШ  |v Вып. 15 
320 |a Библиография в конце статей 
606 1 |a Горные машины  |x Конструкция и расчет  |2 stltpush  |3 (RuTPU)RU\TPU\subj\7861  |9 35385 
610 1 |a рудодобыча 
610 1 |a комплексная механизация 
610 1 |a оборудование 
610 1 |a создание 
610 1 |a конструирование 
610 1 |a горная техника 
610 1 |a расчеты 
610 1 |a экспериментальные исследования 
610 1 |a самоходное оборудование 
610 1 |a подземный транспорт 
610 1 |a горное машиностроение 
675 |a 622.002.5  |z rus  |v 3 
702 1 |a Ковалев  |b А. Д.  |4 340 
702 1 |a Печеркин  |b А. Г.  |4 340 
712 0 2 |a Научно-исследовательский и проектно-конструкторский институт горного и обогатительного машиностроения (НИПИГОРМАШ)  |2 stltpush  |3 (RuTPU)RU\TPU\col\21673 
801 0 |a RU  |b 63413507  |c 19950704  |g psbo 
801 1 |a RU  |b 63413507  |c 20150403 
801 2 |a RU  |b 63413507  |c 20170908  |g RCR 
942 |c BK